000 01802nam a2200361 a 4500
003 CO-PeBPR
005 20260501134929.0
008 260415e2024 ck a|||| n||| 00| 0 spa c
020 _a9789587637373
040 0 _aCO-PeBPR
_bspa
_cCO-PeBPR
_erda
041 0 _hspa
082 0 4 _a332.49861 R579c
245 1 0 _aColombia
_b: una historia cotizada en billetes
_c/ Esperanza Rincón Castiblanco... [y otros tres]
250 _aEdición especial
264 1 _aBogotá, Colombia
_b: Corporación Universitaria Minuto de Dios
_c, 2024
300 _a130 páginas
_b: ilustraciones a color
_c; 23 centímetros
336 _atexto
_btxt
_crdacontenido
337 _asin mediación
_bn
_2rdamedio
338 _avolumen
_bnc
_2rdasoporte
490 _aPlan Nacional de Lectura, Escritura y Oralidad / Ministerio de las Culturas, las Artes y los Saberes.
500 _aIncluye índice.
504 _aIncluye bibliografía.
520 _aLos hechos históricos, conflictos sociales y escenarios políticos contribuyeron notablemente al surgimiento y evolución de la moneda colombiana: Es este escenario el que dio pie para la presente publicación, fruto de una investigación en la que también se puede plasmar la identidad nacional, diversidad étnica, cultural y lingüística, registrada en los billetes que circulan diariamente en manos de los colombianos (Colmenares, 1973; Ocampo, 1987).
521 _aRecomendado para jóvenes y adultos.
650 1 4 _2LEMB
_aMoneda
_xHistoria
_zColombia
650 1 4 _2LEMB
_aPapel moneda
_zColombia
650 1 4 _2LEMB
_aSistemas monetarios
_zColombia
700 1 _aRincón Castiblanco, Esperanza
_eautora
700 1 _aSánchez Cediel, Diana
_eautora
700 1 _aSierra Cifuentes, Alexander
_eautor
700 1 _aVásquez, Omar Fernando
_eautor
942 _2ddc
_cBK
999 _c17842
_d17842